| 000 | 00340nam a2200121Ia 4500 | ||
|---|---|---|---|
| 008 | 230907s9999||||xx |||||||||||||| ||und|| | ||
| 082 |
_a332.03 _bDIC |
||
| 245 | 0 | _aDictionary of accounting and finance. / | |
| 260 |
_aBloomsbury, _bLondon : _c2010 |
||
| 300 | _aviii, 341 p. ; | ||
| 650 |
_aDictionaries. Dictionaries. _9115635 |
||
| 942 | _cBK | ||
| 999 |
_c599016 _d599016 |
||